Statystyki dla Losowe prowincje rzymskie

Kliknij tutaj aby rozwiązać quiz!

Ogólne statystyki

  • Ten quiz został rozwiązany 128 razy
  • Średni wynik to 5 z 15

Odpowiedzi na mapie

Odpowiedzi skodowane kolorowo w zielono-czerwonej skali na mapie do tego quizu, zgodnie z poniższymi procentami.
 

Statystyki odpowiedzi

prowincje% Poprawnych
Włochy
90%
Cypr
82%
Dacia
75%
Sycylia
75%
Syria
75%
Macedonia
71%
Bithynla i Pontus
67%
Judei
67%
Dalmacja
60%
Armenia
56%
Epir
56%
Mauretania Tingitana
56%
Afryka
50%
Germania gorszy
50%
Germania Superior
44%
Królestwo Bosporańskie
43%
Mauretania Caesariensis
43%
Arabia Petraea
33%
Lusitania
30%
Pannonia Superior
30%
Sardynia i Korsyka
29%
Moesia Superior
27%
Azja
25%
Brytania
25%
Cilicia
25%
Noricum
25%
Pannonia Gorszy
25%
Moesia gorsza
22%
Raetia
22%
Mezopotamia
20%
Kreta i Cyrenajki
17%
Egipt
14%
Kapadocja
11%
Lycia i Pamphylia
10%
Achaja
0%
Alpes Cottiae
0%
Alpes Maritimae
0%
Alpes Poeninae
0%
Asyria
0%
Galacja
0%
Gallia Aquitania
0%
Gallia Belgica
0%
Gallia Lugdunensis
0%
Gaul
0%
Hispania Baetica
0%
Hispania Tarraconensis
0%
Tracja
0%

Rozkład punktacji

Percentyl według liczby udzielonych odpowiedzi

Procent ludzi z każdym wynikiem

Twoja historia wyników

Nie rozwiązałeś tego quizu